| 000 | 01187cam a22002771i 4500 | ||
|---|---|---|---|
| 003 | OSt | ||
| 005 | 20250718133241.0 | ||
| 008 | 250717s2005 su g 000 0 ara c | ||
| 040 |
_aSA-JeALM _bara _cSA-RiAUC _erda |
||
| 082 | 0 | 4 |
_a252.5 _qSA-RiAUC |
| 090 |
_a252.5 _bا ل م |
||
| 100 | 1 |
_aآل موافي، محمود بن إمام بن منصور _eمؤلف. |
|
| 245 | 1 | 0 |
_aإتحاف الناسك بفتاوى السلف في جميع المناسك / _cأبي معاذ محمود بن إمام بن منصور آل موافي. |
| 250 | _aالطبعة الأولى. | ||
| 264 | 1 |
_aالسعودية : _bمكتبة العلوم والحكم، _c2007 |
|
| 264 | 2 |
_aمصر : _bدار السلام للطباعة والنشر والتوزيع والترجمة |
|
| 300 |
_a360 صفحة ؛ _c24 × 17 سم |
||
| 336 |
_aنص _btxt _2rdacontent _3كتاب |
||
| 337 |
_aبدون وسيط _bn _2rdamedia |
||
| 338 |
_aمجلد _bnc _2rdacarrier |
||
| 563 | _aمجلد فني. | ||
| 650 | 7 |
_aالحج (فقه إسلامي) _xمناسك _2aucsh |
|
| 650 | 7 |
_aالعمرة (فقه إسلامي) _xمناسك _2aucsh |
|
| 942 |
_2ddc _cBOOK _n0 |
||
| 949 |
_aSA-JeALM _d250717 _umohamedma123 _n1 |
||
| 999 |
_c10047 _d10047 |
||